| 000 | 00677nam a2200229Ia 4500 | ||
|---|---|---|---|
| 005 | 20221229143116.0 | ||
| 008 | 140110s9999 xx 000 0 und d | ||
| 020 |
_a9788125046516 _cRs.350.00 |
||
| 040 | _aLoreto College | ||
| 041 | _aEnglish | ||
| 082 |
_a954.8 _bVEL |
||
| 100 | _aVeluthat,Kesavan | ||
| 245 | 4 |
_aThe political structure of early medieval South India _cKesavan Veluthat |
|
| 250 | _a2nd ed. | ||
| 260 |
_aHyderabad _bOrient Blackswan _c2012 |
||
| 300 | _axiii,294 p. | ||
| 504 | _aIncludes bibliographical references and index | ||
| 650 | _aSouth India-History,medieval | ||
| 651 | _aHistory-Medieval,South India | ||
| 850 | _aLCLIB | ||
| 942 | _cBK | ||
| 999 |
_c38064 _d88543 |
||